Naissance, enfance et éducation dans la France méridionale du xvie au xxe siècle. Hommage à Mireille Laget, Montpellier, Centre d’Histoire moderne et contemporaine de l’Europe méditerranéenne et de ses périphéries (xvie-xixe siècles), Université Paul Valéry-Montpellier iii, 1999, 453 p. (notice n° 1628185)

détails MARC
000 -LEADER
fixed length control field 02116cam a2200169 4500500
005 - DATE AND TIME OF LATEST TRANSACTION
control field 20260111094146.0
041 ## - LANGUAGE CODE
Language code of text/sound track or separate title fre
042 ## - AUTHENTICATION CODE
Authentication code dc
100 10 - MAIN ENTRY--PERSONAL NAME
Personal name Larguier, Gilbert
Relator term author
245 00 - TITLE STATEMENT
Title Naissance, enfance et éducation dans la France méridionale du xvie au xxe siècle. Hommage à Mireille Laget, Montpellier, Centre d’Histoire moderne et contemporaine de l’Europe méditerranéenne et de ses périphéries (xvie-xixe siècles), Université Paul Valéry-Montpellier iii, 1999, 453 p.
260 ## - PUBLICATION, DISTRIBUTION, ETC.
Date of publication, distribution, etc. 2001.<br/>
500 ## - GENERAL NOTE
General note 100
520 ## - SUMMARY, ETC.
Summary, etc. Résumé L’historien ruraliste a beaucoup à apprendre d’un corpus en cours de recollection : celui des statuts communaux de l’actuel département de Vaucluse. À travers l’exemple d’une petite communauté du bas Rhône, Gigondas, on étudie au ras du sol le processus d’élaboration de la loi locale et la part respective qu’y prennent le seigneur et la communauté. Une fois rédigés et consentis par tous, les statuts jettent sur le terrain un filet normatif à mailles si serrées qu’il oblige, entre autres questions, à mettre en examen la notion d’individualisme agraire que l’on dit inhérent aux paysanneries méridionales.
520 ## - SUMMARY, ETC.
Summary, etc. Rural historians can learn much from a corpus in the process of being compiled, that of the communal statutes of the present département of Vaucluse. The case of a small community on the lower Rhône, Gigondas, provides an opportunity to study at the grassroots level the process whereby local legal custom was elaborated, and the respective shares of lord and community in this elaboration. Once written down and agreed upon by all concerned, these statutes covered the area with such a dense network of normative rules that they put into question, among other things, the common conception of agrarian individualism said to be an inherent trait of Southern peasantry.
786 0# - DATA SOURCE ENTRY
Note Histoire & Sociétés Rurales | 16 | 2 | 2001-10-01 | p. 205l-268l | 1254-728X
856 41 - ELECTRONIC LOCATION AND ACCESS
Uniform Resource Identifier <a href="https://shs.cairn.info/revue-histoire-et-societes-rurales-2001-2-page-205l?lang=fr&redirect-ssocas=7080">https://shs.cairn.info/revue-histoire-et-societes-rurales-2001-2-page-205l?lang=fr&redirect-ssocas=7080</a>

Pas d'exemplaire disponible.

PLUDOC

PLUDOC est la plateforme unique et centralisée de gestion des bibliothèques physiques et numériques de Guinée administré par le CEDUST. Elle est la plus grande base de données de ressources documentaires pour les Étudiants, Enseignants chercheurs et Chercheurs de Guinée.

Adresse

627 919 101/664 919 101

25 boulevard du commerce
Kaloum, Conakry, Guinée

Réseaux sociaux

Powered by Netsen Group @ 2025